Popular TV Shows by Poster II - Statistics

General Stats
  • This quiz has been taken 212 times
  • The average score is 9 of 16
Answer Stats
Picture Answer % Correct
Rick and Morty
88%
The Fresh Prince of Bel-Air
82%
House
76%
Futurama
72%
Seinfeld
70%
Dexter
68%
The Sopranos
63%
Better Call Saul
60%
The Voice
60%
The Bachelor
58%
The Jetsons
48%
Black Mirror
46%
Chernobyl
44%
Gotham
30%
Manifest
30%
Chappelle's Show
23%
No matching quizzes found
Score Distribution
Percent of People with Each Score
Percentile by Number Answered
Your Score History
You have not taken this quiz